000 00919nam a22003017a 4500
001 BR2010004787
003 BR-BrBNA
005 20230928103355.0
007 ta
008 230509b bl.||||| |||| 00| 0 por d
040 _aBR-BrBNA
_bpor
_cBiblioteca Nacional de Agricultura
041 _a(Por)
072 _aL10
_b5213
090 _ 5213 BR2010004787
110 1 _aAssociação Brasileira de Criadores da Raça Simental, Cachoeiro de Itapemirim, ES (Brasil)
111 1 _a1. Simpósio da Raça Simental
_cSão Paulo, SP (Brazil)
_d6-10 Jun 2001
245 1 _aAnais do 1. Simpósio da Raça Simental
260 3 _aCachoeiro de Itapemirim, ES (Brasil):
_c2001.
300 _a80 p.
650 _aGADO SIMENTAL
650 _aRAÇA
650 _aGADO MISTO
650 _aGENÉTICA ANIMAL
650 _aGANHO DE PESO
650 _aCRUZAMENTO ANIMAL
909 _a202309
_bLucia
_c55
_dLucia Elande
942 _cBK
999 _c74834
_d74834